100 Movies Based on Books - Statistics

General Stats
  • This quiz has been taken 135 times
  • The average score is 45 of 100
Answer Stats
Picture Answer % Correct
Jaws
93%
Jurassic Park
92%
Forrest Gump
89%
Lord of the Rings: The Fellowship of the Ring
86%
It
83%
The Godfather
83%
The Hunger Games
80%
Dune
79%
The Great Gatsby
76%
The Hobbit: An Unexpected Journey
76%
Mean Girls
75%
Twilight
75%
The Silence of the Lambs
74%
The Wizard of Oz
74%
A Clockwork Orange
73%
Die Hard
72%
Carrie
71%
Harry Potter and the Prisoner of Azkaban
66%
Lord of the Rings: The Two Towers
66%
Harry Potter and the Goblet of Fire
65%
The Green Mile
65%
The Notebook
65%
Harry Potter and the Chamber of Secrets
64%
Pride & Prejudice
63%
The Little Mermaid
63%
Harry Potter and the Deathly Hallows Part 1
62%
Harry Potter and the Deathly Hallows Part 2
62%
Romeo + Juliet
62%
The Hunchback of Notre Dame
62%
Harry Potter and the Half-Blood Prince
61%
Harry Potter and the Order of the Phoenix
61%
Casino Royale
60%
Lord of the Rings: The Return of the King
60%
The Shawshank Redemption
60%
Willy Wonka and the Chocolate Factory
60%
2001: A Space Odyssey
59%
Harry Potter and the Sorcerer's Stone
59%
The Shining
59%
One Flew Over the Cuckoo's Nest
57%
Gone With the Wind
56%
The Hunger Games: Mockingjay Part 1
52%
The Hunger Games: Mockingjay Part 2
52%
Frankenstein
51%
Goldfinger
51%
The Hunger Games: Catching Fire
51%
Dr. No
48%
Misery
47%
Psycho
47%
Octopussy
46%
The Thing
45%
The Twilight Saga: New Moon
45%
Dracula
44%
The Bourne Identity
44%
No Country for Old Men
43%
The Twilight Saga: Breaking Dawn Part 1
43%
The Twilight Saga: Breaking Dawn Part 2
43%
Moonraker
40%
To Kill a Mockingbird
40%
First Blood
38%
Lord of the Flies
38%
From Russia with Love
37%
The Princess Bride
37%
The Twilight Saga: Eclipse
36%
Mickey 17
34%
Murder On the Orient Express
34%
The Bourne Supremacy
34%
The Da Vinci Code
34%
Quantum of Solace
32%
The Bourne Ultimatum
32%
Dr. Jekyll and Mr. Hyde
31%
The Man with the Golden Gun
29%
The Hobbit: The Desolation of Smaug
28%
Jack Reacher
27%
The Hunger Games: The Ballad of Songbirds & Snakes
27%
Live and Let Die
25%
The Hunt for Red October
25%
Diamonds Are Forever
24%
The Hobbit: The Battle of the Five Armies
24%
Thunderball
24%
The Spy Who Loved Me
23%
You Only Live Twice
23%
A View to a Kill
21%
The Living Daylights
21%
For Your Eyes Only
19%
On Her Majesty's Secret Service
19%
The Firm
18%
Clear and Present Danger
17%
Patriot Games
17%
1984
15%
Fletch
15%
The Bourne Legacy
12%
The Maltese Falcon
12%
The Warriors
11%
A Study in Scarlet
8%
The Time Machine
5%
American Assassin
4%
Confess, Fletch
3%
The Picture of Dorian Gray
3%
Terror By Night
2%
Wild In the Streets
2%
No matching quizzes found
Score Distribution
Percent of People with Each Score
Percentile by Number Answered
Your Score History
You have not taken this quiz